|
|
|
|
| LEADER |
00000nas a2200000 i 4500 |
| 001 |
ssj0000547959 |
| 003 |
WaSeSS |
| 005 |
20200512172242.0 |
| 006 |
m d |
| 007 |
cr n |
| 008 |
110615c20079999ii fr p s 0 a0eng c |
| 010 |
|
|
|a 2011263248
|
| 022 |
|
|
|a 0976-3457
|l 0973-9572
|y 0973-9572
|
| 035 |
|
|
|a (WaSeSS)ssj0000547959
|
| 037 |
|
|
|b Organisation for Diaspora Initiatives, 120-Uttarakhand, Jawaharlal Nehru University, New Delhi-110067, India
|
| 040 |
|
|
|a HNK
|b eng
|e pn
|c HNK
|d TXA
|d HNK
|d OCLCQ
|d OCLCF
|d DLC
|d AU@
|d OCLCO
|d WaSeSS
|
| 042 |
|
|
|a pcc
|
| 043 |
|
|
|a a-ii---
|
| 050 |
0 |
0 |
|a DS432.5
|
| 245 |
0 |
0 |
|a Diaspora studies
|h [electronic resource].
|
| 260 |
|
|
|a New Delhi, India :
|b Organisation for Diaspora Initiatives,
|c 2007-
|
| 310 |
|
|
|a Semiannual
|
| 362 |
1 |
|
|a Began with Volume 1, issue 1 (July/December 2007).
|
| 500 |
|
|
|a Journal of the Organisation for Diaspora Initiatives, New Delhi, India.
|
| 506 |
|
|
|a License restrictions may limit access.
|
| 588 |
|
|
|a Description based on: Volume 1, issue 1 (July/December 2010); title from PDF issue table of contents (ProQuest, viewed June 16, 2011).
|
| 588 |
|
|
|a Latest issue consulted: Volume 11, issue 1 (2018) (website viewed June 12, 2018).
|
| 650 |
|
0 |
|a East Indian diaspora
|v Periodicals.
|
| 650 |
|
0 |
|a East Indians
|x Cultural assimilation
|z Foreign countries
|v Periodicals.
|
| 650 |
|
7 |
|a East Indian diaspora.
|2 fast
|0 (OCoLC)fst01201673
|
| 655 |
|
0 |
|a Electronic journals.
|
| 710 |
2 |
|
|a Organisation for Diaspora Initiatives (New Delhi, India)
|
| 776 |
0 |
8 |
|i Print version:
|t Diaspora studies
|x 0973-9572
|w (DLC) 2009340875
|w (OCoLC)319819517
|
| 850 |
|
|
|a DLC
|
| 856 |
4 |
0 |
|z Full text available from Research Library: 01/01/2010 to 07/31/2015
|u https://search.proquest.com/publication/506317
|